书目信息 |
| 题名: |
地图学基础
|
|
| 作者: | 张文生 , 赵淑梅 , 张从宣 编著 | |
| 分册: | ||
| 出版信息: | 北京 高等教育出版社 1987.10 |
|
| 页数: | 200页 | |
| 开本: | 26厘米 | |
| 丛书名: | ||
| 单 册: | ||
| 中图分类: | P28 | |
| 科图分类: | 56.19 | |
| 主题词: | 地图学--高等师范教育--教材 | |
| 电子资源: | ||
| ISBN: | 7-04-000218-3 | |
| 000 | 00881nam0 2200277 45 | |
| 001 | 0188009539 | |
| 005 | 20070714182655.33 | |
| 010 | @a7-04-000218-3@dCNY6.00 | |
| 020 | @aCN@b88009539 | |
| 100 | @a19910415d1987 m y0chiy0120 ea | |
| 101 | 0 | @achi |
| 102 | @aCN@b110000 | |
| 105 | @af z 000yy | |
| 200 | 10 | @a地图学基础@Adi tu xue ji chu@f赵淑梅主编@Fzhao shu mei zhu bian@g张从宣,张文生编著 |
| 210 | @a北京@c高等教育出版社@d1987.10@h1992 | |
| 215 | @a200页@c插图@d26厘米 | |
| 300 | @a中学教师培训教材 卫星电视教育、教育学院、函授、自学通用 | |
| 540 | 1 | @a地图学基础@Adi tu xue ji chu |
| 606 | @a地图学@x高等师范教育@x教材 | |
| 690 | @aP28@v1980 | |
| 692 | @a56.19@v1974 | |
| 701 | 0 | @a张文生@Azhang wen sheng@4编著 |
| 701 | 0 | @a赵淑梅@Azhao shu mei@4主编 |
| 701 | 0 | @a张从宣@Azhang cong xuan@4编著 |
| 801 | 0 | @aCN@bTSSF@c20070714 |
| 905 | @a10447@dP28@e146 | |
| 地图学基础/赵淑梅主编/张从宣,张文生编著.-北京:高等教育出版社,1987.10(1992) |
| 200页:插图;26厘米 |
| 中学教师培训教材 卫星电视教育、教育学院、函授、自学通用 |
| ISBN 7-04-000218-3:CNY6.00 |
| ● |
| 相关链接 |
|
|
|
|
正题名:地图学基础
索取号:P28/146
 
预约/预借
| 序号 | 登录号 | 条形码 | 馆藏地/架位号 | 状态 | 备注 |
| 1 | 0515304 | 205153046 | 第二样本阅览室/ [索取号:P28/146] | 在馆 | |
| 2 | 0515305 | 205153055 | 密集书库/ [索取号:P28/146] | 在馆 | |
| 3 | 0515306 | 205153064 | 密集书库/ [索取号:P28/146] | 在馆 | |
| 4 | 0515307 | 205153073 | 密集书库/ [索取号:P28/146] | 在馆 | |
| 5 | 0515308 | 205153082 | 密集书库/ [索取号:P28/146] | 在馆 | |
| 6 | 0515309 | 205153091 | 密集书库/ [索取号:P28/146] | 在馆 | |
| 7 | 0515310 | 205153108 | 密集书库/ [索取号:P28/146] | 在馆 | |
| 8 | 0515311 | 205153117 | 密集书库/ [索取号:P28/146] | 在馆 | |
| 9 | 0515312 | 205153126 | 密集书库/ [索取号:P28/146] | 在馆 | |
| 10 | 0515313 | 205153135 | 密集书库/ [索取号:P28/146] | 在馆 | |
| 11 | 0515314 | 205153144 | 密集书库/ [索取号:P28/146] | 在馆 | |
| 12 | 0515315 | 205153153 | 密集书库/ [索取号:P28/146] | 在馆 | |
| 13 | 0515316 | 205153162 | 密集书库/ [索取号:P28/146] | 在馆 | |
| 14 | 0515317 | 205153171 | 密集书库/ [索取号:P28/146] | 在馆 | |
| 15 | 0515318 | 205153180 | 密集书库/ [索取号:P28/146] | 在馆 | |
| 16 | 0515319 | 205153199 | 密集书库/ [索取号:P28/146] | 在馆 | |
| 17 | 0515320 | 205153206 | 密集书库/ [索取号:P28/146] | 在馆 | |
| 18 | 0515321 | 205153215 | 密集书库/ [索取号:P28/146] | 在馆 | |
| 19 | 0515322 | 205153224 | 密集书库/ [索取号:P28/146] | 在馆 | |
| 20 | 0515323 | 205153233 | 密集书库/ [索取号:P28/146] | 在馆 | |
| 21 | 0515324 | 205153242 | 密集书库/ [索取号:P28/146] | 在馆 | |
| 22 | 0515325 | 205153251 | 密集书库/ [索取号:P28/146] | 在馆 | |
| 23 | 0515326 | 205153260 | 密集书库/ [索取号:P28/146] | 在馆 | |
| 24 | 0515327 | 205153279 | 密集书库/ [索取号:P28/146] | 在馆 | |
| 25 | 0515328 | 205153288 | 密集书库/ [索取号:P28/146] | 在馆 | |
| 26 | 0779201 | 207792012 | 密集书库/ [索取号:P28/146] | 在馆 |